000 00857nam a2200229Ii 4500
003 JO-AjNU
008 230605s9999||||xx |||||||||||||| ||und||
017 _a2006/10/2877
020 _a9957-05-152-0
040 _aJO-AjNU
_bara
_erda
_cJO-AjNU
041 _aara
050 1 4 _aBP173.5 2007
100 3 _aالعزاوي، مصطفى ناصر أحمد,
_eauthor
_920412
245 0 0 _aالأعمال السياسية السلمية للنبي صلى الله عليه وسلم والأحكام المستنبطة منها
250 _aط1
264 3 1 _aعمان: دار الضياء للنشر والتوزيع، 2006
300 _a196ص
336 _atext
_btxt
_2rdacontent
337 _aunmediated
_bn
_2rdamedia
338 _avolume
_bnc
_2rdacarrier
650 4 _aالسيرة النبوية- النظام السياسي في الاسلام
_920413
999 _aA6914
_c10482
_d10482